| 000 | 01114cam a2200325 i 4500 | ||
|---|---|---|---|
| 001 | 17995504 | ||
| 003 | OSt | ||
| 005 | 20230602094002.0 | ||
| 008 | 140113s2013 ke a b 000 0 eng | ||
| 010 | _a 2013441425 | ||
| 020 | _a9789966028433 | ||
| 040 |
_aDLC _beng _cDLC _erda _dDLC |
||
| 042 |
_alcode _apcc |
||
| 043 | _af-ke--- | ||
| 082 |
_a322 _bNJO |
||
| 100 |
_cKimani Njogu _d2013 |
||
| 245 | 0 | 0 |
_aCitizen participation in decision making : _btowards inclusive development in Kenya / _cedited by Kimani Njogu. |
| 264 | 1 |
_aNairobi, Kenya : _bTwaweza Communications Limited, _c2013. |
|
| 300 |
_axvi, 232 pages : _billustrations ; _c21 cm |
||
| 336 |
_atext _2rdacontent |
||
| 337 |
_aunmediated _2rdamedia |
||
| 338 |
_avolume _2rdacarrier |
||
| 504 | _aIncludes bibliographical references. | ||
| 650 | 0 |
_aPolitical participation _zKenya. |
|
| 700 | 1 |
_aNjogu, Kimani, _eeditor. |
|
| 856 | 4 | 1 |
_3Table of contents only _uhttp://www.loc.gov/catdir/toc/fy16pdf01/2013441425.html |
| 906 |
_a7 _bcbc _corigode _d3 _encip _f20 _gy-gencatlg |
||
| 942 |
_2ddc _cBK |
||
| 999 |
_c30 _d30 |
||